Quiz Histoire de France: la Révolution française - Statistiques

Statistiques générales
  • Ce quiz a été pris 8 670 fois
  • Le résultat moyen est 13 sur 24
Statistiques - réponses
Indice Réponse % Correct
Roi au pouvoir en 1789 Louis XVI
99%
Prise d'assaut d'une célèbre prison royale Prise de la Bastille
92%
Clergé
86%
Noblesse
83%
Les trois ordres de la société française Tiers Etat
83%
Mode d'exécution le plus courant la guillotine
80%
Serment célèbre du 20 juin 1789 Serment du Jeu de paume
80%
Période d'exécution massive (1793-1794) la Terreur
75%
Révolutionnaire surnommé l'Incorruptible Robespierre
73%
Général amorçant son ascension durant cette période Napoléon Bonaparte
69%
Lieu d'arrestation du Roi lors de sa fuite en juin 1791 Varennes
67%
83 sont créés en France en 1789 Départements
55%
Rival politique qu'il fait exécuter Danton
52%
Montagnards
50%
Les trois groupes politiques de la Convention nationale de 1792 Girondins
46%
Date de l'exécution du Roi 21 janvier 1793
42%
Insurrection royaliste dans cette province Vendée
42%
Régime politique de 1795 à 1799 avec à sa tête 5 personnes détenant le pouvoir exécutif le Directoire
41%
Régime politique français entre septembre 1791 et août 1792 Monarchie constitutionnelle
35%
Grande victoire militaire française contre la Prusse et le Saint-Empire (20 septembre 1792) Bataille de Valmy
32%
Début officiel de la période Ouverture des Etats généraux
19%
Plaine
17%
Les deux chambres du nouveau Parlement Conseil des Cinq-Cents
7%
Conseil des Anciens
6%
Aucun quiz correspondant
Distribution des résultats
% des personnes avec chaque résultat
Percentile par nombre de réponses
Votre historique - résultats
Vous n’avez pas pris ce quiz